La casa gòtica a la ciutat de Mallorca /
Saved in:
| Main Author: | |
|---|---|
| Other Authors: | |
| Format: | Book |
| Language: | Catalan |
| Published: |
Palma, Mallorca :
L. Muntaner : Institut d'Estudis Baleàrics,
2009.
|
| Edition: | 1. ed. |
| Series: | Arjau ;
12. |
| Subjects: | |
| Tags: |
Add Tag
No Tags, Be the first to tag this record!
|
| LEADER | 01166nam a2200337 a 4500 | ||
|---|---|---|---|
| 001 | 012199378-7 | ||
| 005 | 20100128135005.0 | ||
| 008 | 090710s2009 sp af b 000 0 cat d | ||
| 010 | |a 2009501377 | ||
| 020 | |a 9788492562251 | ||
| 020 | |a 8492562250 | ||
| 035 | 0 | |a ocn382405582 | |
| 040 | |a C3L |c C3L |d PL# |d FXM |d DLC | ||
| 042 | |a lccopycat | ||
| 043 | |a e-sp--- | ||
| 045 | |a o0s9 | ||
| 050 | 0 | 0 | |a NA7387.P3 |b B37 2009 |
| 100 | 1 | |a Barceló Crespí, Maria. | |
| 245 | 1 | 3 | |a La casa gòtica a la ciutat de Mallorca / |c Maria Barceló Crespí, Guillem Rosselló Bordoy ; pròleg, Josep Morata Socías. |
| 250 | |a 1. ed. | ||
| 260 | |a Palma, Mallorca : |b L. Muntaner : |b Institut d'Estudis Baleàrics, |c 2009. | ||
| 300 | |a 190 p., ca. 84 p. of plates : |b ill. ; |c 24 cm. | ||
| 490 | 1 | |a L'Arjau ; |v 12 | |
| 504 | |a Includes bibliographical references (p. 181-188). | ||
| 650 | 0 | |a Architecture, Domestic |z Spain |z Palma de Mallorca. | |
| 650 | 0 | |a Architecture, Gothic |z Spain |z Palma de Mallorca. | |
| 651 | 0 | |a Palma de Mallorca (Spain) |x Buildings, structures, etc. | |
| 700 | 1 | |a Rosselló Bordoy, Guillermo. | |
| 830 | 0 | |a Arjau ; |v 12. | |
| 988 | |a 20100210 | ||
| 906 | |0 OCLC | ||


